| 000 | 01383cgm a2200301Ma 4500 | ||
|---|---|---|---|
| 005 | 20250410135505.0 | ||
| 007 | vd cvaizk | ||
| 008 | 250114s2025 114 ## v eng d | ||
| 024 |
_a014381005127 _q (videorecording) |
||
| 040 |
_aCTMMSN _beng _erda _cCTMMSN |
||
| 092 |
_amovie _bV/H/S Beyond |
||
| 245 | 0 | 0 |
_aV/ H/ S/ Beyond _h[videorecording]. |
| 264 |
_a[Place of publication not identified?]: _bShudder, _c2025 |
||
| 264 |
_aOld Saybrook, Connecticut : _bwww.micromarketing.org |
||
| 300 |
_a[1 videodisc (approximately 114 minutes)?] : _bsound, color; _c4 3/4 in. |
||
| 336 | _atwo-dimensional moving image | ||
| 337 | _avideo | ||
| 338 | _avideodisc | ||
| 500 | _a[Typographic symbols and accents removed for systems compatibility.] | ||
| 500 | _aWidescreen edition. | ||
| 520 | _aThe infinite playground of forbidden worlds and dangerous lifeforms offered by the sci-fi horror genre will lead to the biggest, maddest, bloodiest V/H/S ever. Actor(s) Brian Baker, Trevor Dow, Gerry Eng. Director(s) Jay Cheel, Justin Martinez, Jordan Downey. Shudder; 014381005127; 1 Disc(s); 114 min; Horror; NR; 02/04/25 | ||
| 521 | _aRating: NR. | ||
| 538 | _aDVD, color, widescreen, NTSC. | ||
| 650 | 7 |
_aFeature Films _2bisacsh |
|
| 655 |
_aVideo recordings. _2lcgft |
||
| 710 |
_aShudder _96482305 |
||
| 942 |
_2ddc _cDVD |
||
| 999 |
_c403847 _d403847 |
||